[Event "RUS-ch Higher League 74th"]
[Site "Cheboksary"]
[Date "2021.07.04"]
[Round "8"]
[White "Chyndygyr, Tamerlan"]
[Black "Nurachev, Abdul"]
[Result "1-0"]
[WhiteElo "2121"]
[BlackElo "1773"]
[PlyCount "75"]
[EventDate "2021.06.26"]
[EventType "swiss"]
[EventRounds "9"]
[EventCountry "RUS"]
[SourceTitle "CBM 203 Extra"]
[Source "ChessBase"]
[SourceDate "2021.09.30"]
[SourceVersion "1"]
[SourceVersionDate "2021.09.30"]
[SourceQuality "1"]

1. d4 d5 2. c4 e6 3. Nc3 Be7 4. Nf3 Nf6 5. Bf4 0-0 6. e3 c5 7. dxc5 Bxc5 8. Qc2 Nc6 9. a3 Qa5 10. Rd1 Be7 11. Nd2 e5 12. Nb3 Qc7 13. Bg3 dxc4 14. Bxc4 Bg4 15. f3 Bh5 16. 0-0 Qb6 17. Bf2 a6 18. e4 Qc7 19. Nd5 Nxd5 20. Bxd5 Rab8 21. Be3 Kh8 22. Qf2 f6 23. Nc5 Bxc5 24. Bxc5 Rfe8 25. Bb3 Rbc8 26. Bd6 Qa5 27. Rd5 b5 28. Bc5 Nd4 29. Bxd4 exd4 30. Rxh5 Re5 31. Rxh7+ Kxh7 32. Qh4+ Kg6 33. f4 Rcc5 34. f5+ Rxf5 35. exf5+ Rxf5 36. Bc2 d3 37. Bxd3 Qb6+ 38. Qf2 1-0